000 00607nam a2200229Ia 4500
003 OSt
005 20220928140626.0
006 a|||||r|||| 00| 0
007 ta
008 220927b |||||||| |||| 00| 0 eng d
024 _a10187
037 _cTextual
040 _aSDCL
_cSDCL
_beng
041 _2eng
_aeng
082 _aX:77.2' N9, N6
100 _aDreze Jean Ed.
245 0 _aIndian development
_b Selected regional perspectives
260 _c1996
700 _a Sen Amartya
942 _hX:77.2' N9, N6
_cTEXL
_2CC
999 _c812709
_d812709